000 01056nam a22002777a 4500
001 5362
003 FISKH
005 20241128123921.0
008 241128b cb ||||| |||| 00| 0 eng d
020 _a9780237518790
040 _aFISKH
_beng
_cFISKH
_dFISKH
082 _a790.094109044
100 _aGardner, Faye
245 _aHaving Fun in Grandma's Day /
_cby Faye Gardner
260 _aLondon :
_bEvans Brother Ltd. ;
_c1997 .
300 _a30 pages :
_bcolor illustrations ;
_c25 cm .
505 _aS
520 _aEach of the books in this series present 20th-century history for the very young through a personal account of a real life Grandma's experiences in the 1930s, 1940s and 1950s. Each story is a first-person narrative and this text cover how children used to amuse themselves in grandma's day.
521 8 _a790
_bLexile estimate
521 8 _aS
_bRaz-Plus
650 _aleisure
_vNon-fiction
650 _ahistory
_vNon-fiction
700 _aLafford, Stuart
_eillustrator
942 _2ddc
_cBK
_n0
999 _c5362
_d5362